00417nam a2200145Ia 450000100060000000800410000602000070004704000130005408200160006710000240008324501000010726000460020750100110025354600070026462212141119s9999 xx 000 0 und d aNA cPK-LaUMT a 220bSIR-T aSir Syed Ahmad Khan aTabeyeen ul kalam fi tafsir ut toraat walengeel alia millatul Islam (Urdu)cSir Syed Ahmad Khan aLahore,Pakistan:bMaktabah Akhuwaat,cN.D a2 vols aUR